|
|
|
|
| LEADER |
02519nam a2200469 a 4500 |
| 001 |
EBC589932 |
| 003 |
MiAaPQ |
| 005 |
20200520144314.0 |
| 006 |
m o d | |
| 007 |
cr cn||||||||| |
| 008 |
090811s2010 flua sb 001 0 eng |
| 010 |
|
|
|z 2009032786
|
| 015 |
|
|
|a GBA991287
|2 bnb
|
| 016 |
7 |
|
|z 015371572
|2 Uk
|
| 020 |
|
|
|z 9781420072730 (hardcover : alk. paper)
|
| 020 |
|
|
|z 1420072730 (hardcover : alk. paper)
|
| 035 |
|
|
|a (MiAaPQ)EBC589932
|
| 035 |
|
|
|a (Au-PeEL)EBL589932
|
| 035 |
|
|
|a (CaPaEBR)ebr10419924
|
| 035 |
|
|
|a (CaONFJC)MIL290233
|
| 035 |
|
|
|a (OCoLC)669505901
|
| 040 |
|
|
|a MiAaPQ
|c MiAaPQ
|d MiAaPQ
|
| 050 |
|
4 |
|a QA76.9.D5
|b I673 2010
|
| 082 |
0 |
4 |
|a 004/.36
|2 22
|
| 245 |
0 |
0 |
|a Introduction to scheduling
|h [electronic resource] /
|c edited by Yves Robert, Frederic Vivien.
|
| 260 |
|
|
|a Boca Raton :
|b CRC Press,
|c c2010.
|
| 300 |
|
|
|a xx, 313 p. :
|b ill.
|
| 490 |
1 |
|
|a Chapman & Hall/CRC computational science series
|
| 500 |
|
|
|a "A Chapman & Hall book."
|
| 504 |
|
|
|a Includes bibliographical references and index.
|
| 505 |
0 |
|
|a On the complexity of scheduling / Peter Brucker and Sigrid Knust -- Approximation algorithms for scheduling problems / Jean-Claude Konig and Rodolphe Giroudeau -- Online scheduling / Susanne Albers -- Job scheduling / Uwe Schwiegelshohn -- Cyclic Scheduling / Claire Hanen -- Cyclic scheduling for the synthesis of embedded systems / Olivier Marchetti and Alix Munier-Kordon -- Steady-state scheduling / Olivier Beaumont and Loris Marchal -- Divisible load scheduling / Matthieu Gallet, Yves Robert, and Frederic Vivien -- Multi-objective scheduling / Pierre-Francois Dutot ... [et al.] -- Comparisons of stochastic task-resource systems / Bruno Gaujal and Jean-Marc Vincent -- The influence of platform models on scheduling techniques / Lionel Eyraud-Dubois and Arnaud Lagrand.
|
| 533 |
|
|
|a Electronic reproduction. Ann Arbor, MI : ProQuest, 2015. Available via World Wide Web. Access may be limited to ProQuest affiliated libraries.
|
| 650 |
|
0 |
|a Electronic data processing
|x Distributed processing.
|
| 650 |
|
0 |
|a Computer scheduling
|x Mathematical models.
|
| 650 |
|
0 |
|a Multiprocessors.
|
| 650 |
|
0 |
|a Computational grids (Computer systems)
|
| 655 |
|
4 |
|a Electronic books.
|
| 700 |
1 |
|
|a Robert, Yves,
|d 1938-
|
| 700 |
1 |
|
|a Vivien, Frederic.
|
| 710 |
2 |
|
|a ProQuest (Firm)
|
| 830 |
|
0 |
|a Chapman & Hall/CRC computational science series.
|
| 856 |
4 |
0 |
|u https://ebookcentral.proquest.com/lib/matrademy/detail.action?docID=589932
|z Click to View
|